טוען...

ഇത്രമാത്രം /

מידע ביבליוגרפי
מחבר ראשי: നാരായണ്‍, കല്‍പ്പറ്റ
מחברים אחרים: Narayanan, Kalpatta
פורמט: Printed Book
שפה:English
יצא לאור: കണ്ണൂര്‍ : കൈരളി ബുക്സ്, 2017.
מהדורה:1st ed.
נושאים:
LEADER 00772nam a22001937a 4500
008 171204b xxu||||| |||| 00| 0 eng d
999 |c 20749  |d 20749 
020 |a 9789386197863 
082 |a 894.13  |b NAR 
100 |a നാരായണ്‍, കല്‍പ്പറ്റ 
240 |a Ithramathram 
245 |a ഇത്രമാത്രം /  |c കല്‍പ്പറ്റ നാരായണ്‍ 
250 |a 1st ed. 
260 |a കണ്ണൂര്‍ :  |b കൈരളി ബുക്സ്,  |c 2017. 
300 |a 96p. 
650 |a Novel 
700 |a Narayanan, Kalpatta 
942 |2 ddc  |c BK 
952 |0 0  |1 0  |2 ddc  |4 0  |6 894_130000000000000_NAR  |7 0  |9 28778  |a MAIN  |b MAIN  |d 2017-12-04  |e Progress publications  |g 100.00  |l 3  |o 894.13 NAR  |p 28865  |r 2019-07-02  |s 2019-06-18  |t 1  |w 2017-12-04  |y BK